书目信息 |
| 题名: |
拼音与说话
|
|
| 作者: | 高晓春 主编 | |
| 分册: | ||
| 出版信息: | 上海 上海远东出版社 2020.8 |
|
| 页数: | 106页 | |
| 开本: | 23cm | |
| 丛书名: | 小学生看图说话写话系列丛书 | |
| 单 册: | ||
| 中图分类: | G624.213 , G624.243 | |
| 科图分类: | ||
| 主题词: | 汉语拼音--小学--教学参考资料 , 作文课--小学--教学参考资料 | |
| 电子资源: | ||
| ISBN: | 978-7-5476-1576-8 | |
| 000 | 01108nam0 2200289 45 | |
| 001 | 012001002307 | |
| 005 | 20140823095308.0 | |
| 010 | @a978-7-5476-1576-8@dCNY28.00 | |
| 100 | @a20201112d2020 ce y0chiy0110 ea | |
| 101 | 0 | @achi |
| 102 | @aCN@b310000 | |
| 105 | @aa z 000yy | |
| 106 | @ar | |
| 200 | 1 | @a拼音与说话@Apin yin yu shuo hua@f高晓春主编 |
| 210 | @a上海@c上海远东出版社@d2020.8 | |
| 215 | @a106页@c图@d23cm | |
| 225 | 2 | @a小学生看图说话写话系列丛书 |
| 330 | @a本书结合部编版教材以及学生的年龄特点,遵从循序渐进的原则,指导学生从敢说到会说,从会说到会写,从写一句话到写一段话,从写一段话到围绕多幅图写一篇文章,从简单到复杂,从单图写话到多图写话……系统地设计编排,写作形式丰富有趣,可以有效激发写作兴趣,为学生轻松开启写作的大门。 | |
| 410 | 0 | @12001 @a小学生看图说话写话系列丛书 |
| 461 | 0 | @12001 @a小学生看图说话写话系列丛书 |
| 606 | 0 | @a汉语拼音@x小学@j教学参考资料 |
| 606 | 0 | @a作文课@x小学@j教学参考资料 |
| 690 | @aG624.213@v5 | |
| 690 | @aG624.243@v5 | |
| 701 | 0 | @a高晓春@Agao xiao chun@4主编 |
| 801 | @aCN@bAHXH@c20210922 | |
| 905 | @b1281548-52@dG624.213@e1845@f5 | |
| 拼音与说话/高晓春主编.-上海:上海远东出版社,2020.8 |
| 106页:图;23cm.-(小学生看图说话写话系列丛书) |
| ISBN 978-7-5476-1576-8:CNY28.00 |
| 本书结合部编版教材以及学生的年龄特点,遵从循序渐进的原则,指导学生从敢说到会说,从会说到会写,从写一句话到写一段话,从写一段话到围绕多幅图写一篇文章,从简单到复杂,从单图写话到多图写话……系统地设计编排,写作形式丰富有趣,可以有效激发写作兴趣,为学生轻松开启写作的大门。 |
| ● |
| 相关链接 |
|
|
|
|
正题名:拼音与说话
索取号:G624.213/1845
 
预约/预借
| 序号 | 登录号 | 条形码 | 馆藏地/架位号 | 状态 | 备注 |
| 1 | 1281548 | 212815480 | 第一样本阅览室/ [索取号:G624.213/1845] | 在馆 | |
| 2 | 1281549 | 212815499 | 教育系资料室/ [索取号:G624.213/1845] | 在馆 | |
| 3 | 1281550 | 212815505 | 教育系资料室/ [索取号:G624.213/1845] | 在馆 | |
| 4 | 1281551 | 212815514 | 第四借阅区/ [索取号:G624.213/1845] | 在馆 | |
| 5 | 1281552 | 212815523 | 第四借阅区/ [索取号:G624.213/1845] | 在馆 |